First and Last Capital by letter - Statistics

General Stats
  • This quiz has been taken 11 times
  • The average score is 17 of 40
Answer Stats
Hint Order Answer % Correct
First Jakarta
78%
First Hanoi
67%
J Last Juba
67%
First Kabul
67%
First Abu Dhabi
56%
First Baghdad
56%
D Last Dushanbe
56%
First Gaborone
56%
K Last Kuwait City / Kyiv
56%
O Last Ouagadougou
56%
A Last Athens
44%
B Last Buenos Aires
44%
First Dakar
44%
G Last Guatemala City
44%
First La Paz
44%
L Last Luxembourg
44%
First Madrid
44%
M Last Muscat
44%
First Nairobi
44%
First Oslo
44%
First Palikir
44%
First Taipei
44%
First Warsaw
44%
First Cairo
33%
C Last Cotonou / Copenhagen
33%
First Freetown
33%
F Last Funafuti
33%
H Last Honiara
33%
N Last Nur-Sultan
33%
P Last Pyongyang
33%
First Rabat
33%
S Last Suva
33%
First Vaduz
33%
V Last Vilnius
33%
W Last Windhoek
33%
First Yaoundé
33%
Y Last Yerevan
33%
R Last Roseau
22%
T Last Tunis
22%
First San José
11%
No matching quizzes found
Score Distribution
Percent of People with Each Score
Percentile by Number Answered
Your Score History
You have not taken this quiz